Minimally processed refrigerated fruits and vegetables / (Record no. 13165)
[ view plain ]
| 000 -LEADER | |
|---|---|
| fixed length control field | 00399cam a2200145ua 4500 |
| 041 ## - LANGUAGE CODE | |
| Language code of text/sound track or separate title | eng |
| 082 ## - DEWEY DECIMAL CLASSIFICATION NUMBER | |
| Classification number | 664.853 |
| Item number | WIL/MI |
| 100 ## - MAIN ENTRY--AUTHOR NAME | |
| Personal name | Wiley, Robert C . |
| 245 00 - TITLE STATEMENT | |
| Title | Minimally processed refrigerated fruits and vegetables / |
| 260 ## - PUBLICATION, DISTRIBUTION, ETC. (IMPRINT) | |
| Place of publication | London : |
| Name of publisher | Chapman and Hall Ltd , |
| Year of publication | 1994. |
| 300 ## - PHYSICAL DESCRIPTION | |
| Number of Pages | 368 ; . |
| 942 ## - ADDED ENTRY ELEMENTS (KOHA) | |
| Koha item type | Books |
| Withdrawn status | Lost status | Damaged status | Home library | Current library | Shelving location | Date acquired | Full call number | Accession Number | Koha item type |
|---|---|---|---|---|---|---|---|---|---|
| KAUAET | Reference1 | 07/04/2012 | 664.853 | 21406 | Books |
